00283nam a2200121Ia 45000030006000000080041000060400015000471000014000622450047000762600009001235460012001320050017001440STCL150530s9999 xx 000 0 und d aSTCLcSTCL aDowen, E. aPuritan and anglican studies in literature c1910 aEnglish20220125170842.0